[Event "Campionato europeo 2007"]
[Site "Dresda GER"]
[Date "2007.04.08"]
[Round "6"]
[White "Cheparinov, Ivan"]
[Black "Berelovich, Aleksandar"]
[Result "1-0"]
[WhiteElo "2646"]
[BlackElo "2556"]
[PlyCount "101"]
[EventDate "2007.04.03"]
[Source "www.chesslib.no"]
[SourceDate "2004.05.04"]

1. d4 f5 2. c4 Nf6 3. g3 g6 4. Nf3 Bg7 5. b4 O-O 6. Bg2 d6 7. Bb2 c5 8. a3 Ne4 9. O-O Nc6 10. Nbd2 cxb4 11. axb4 Nxb4 12. Nxe4 fxe4 13. Ng5 Bf5 14. Nxe4 Nc6 15. e3 Rc8 16. c5 dxc5 17. Nxc5 b6 18. Qb3+ Kh8 19. Ne6 Na5 20. Qa2 Bxe6 21. Qxe6 Nc4 22. Ba3 Bf6 23. Bd5 Nxa3 24. Rxa3 a5 25. Rb1 Bg7 26. Be4 Rf6 27. Qg4 Rc4 28. Bd3 Rcc6 29. h4 Qc7 30. Ra2 Rc3 31. Rd1 Qc6 32. Qe2 Qd5 33. Rb2 a4 34. Rb5 Qc6 35. h5 a3 36. hxg6 hxg6 37. Rg5 Bh6 38. Re5 Bf8 39. Be4 Qc4 40. Bd3 Qc6 41. Re4 Kg7 42. Rg4 a2 43. Qxa2 Qf3 44. Qe2 Qxe2 45. Bxe2 Rc2 46. Kf1 b5 47. Rb1 b4 48. Rxb4 Kf7 49. Rf4 Rxf4 50. gxf4 Bg7 51. Bc4+ 1-0

[Event "Sverdlovsk"]
[Site "?"]
[Date "1987.??.??"]
[Round "?"]
[White "Tukmakov, V."]
[Black "Malaniuk, V."]
[Result "1-0"]
[WhiteElo "2580"]
[BlackElo "2545"]
[PlyCount "95"]
[EventDate "1987.??.??"]
[Source "ChessBase"]
[SourceDate "1987.07.01"]

1. d4 f5 2. c4 Nf6 3. g3 g6 4. Bg2 Bg7 5. Nc3 O-O 6. Nh3 Nc6 7. O-O d6 8. Nf4 e5 9. dxe5 dxe5 10. Nfd5 Ne8 11. b4 e4 12. b5 Nd4 13. Be3 Ne6 14. Rc1 c6 15. Nb4 Bd7 16. f3 Qe7 17. fxe4 Bxc3 18. Rxc3 Qxb4 19. Rd3 Nc5 20. Rxd7 Nxd7 21. Qxd7 Qxc4 22. bxc6 Qxc6 23. Qxc6 bxc6 24. exf5 Rc8 25. g4 Nf6 26. h3 gxf5 27. Rxf5 Nd5 28. Rg5+ Kf7 29. Bxa7 Ke6 30. Bc5 Rf7 31. Rh5 Nf4 32. Rh6+ Rf6 33. Rxh7 Nxg2 34. Kxg2 Kd5 35. Rh5+ Ke4 36. Kg3 Rb8 37. Rh7 Rb2 38. Re7+ Kd5 39. Bf2 Rxa2 40. g5 Re6 41. Rd7+ Rd6 42. e4+ Ke6 43. Rxd6+ Kxd6 44. h4 c5 45. h5 Ke5 46. h6 Ra8 47. Kg4 c4 48. Be1 1-0

[Event "15th Czerniak mem"]
[Site "Tel Aviv ISR"]
[Date "1999.04.05"]
[Round "6"]
[White "Karolyi, T."]
[Black "Lutz, C."]
[Result "0-1"]
[WhiteElo "2432"]
[BlackElo "2610"]
[PlyCount "82"]
[EventDate "1999.??.??"]
[Source "www.chesslib.no"]
[SourceDate "2004.05.04"]

1. d4 f5 2. c4 Nf6 3. g3 g6 4. Bg2 Bg7 5. Nc3 O-O 6. Nf3 d6 7. d5 Qe8 8. Be3 Na6 9. Qc1 e5 10. dxe6 Bxe6 11. O-O c6 12. b3 Ng4 13. Bf4 Qe7 14. Qd2 Rad8 15. Rad1 Nc5 16. Nd4 Ne5 17. Bg5 Bf6 18. Bxf6 Qxf6 19. f4 Nf7 20. b4 Bxc4 21. Nxc6 bxc6 22. bxc5 d5 23. Rfe1 d4 24. Na4 Rfe8 25. Rc1 Bd5 26. Bxd5 Rxd5 27. Nb2 Nh6 28. Nd3 Ng4 29. Nf2 Ne3 30. Nd1 g5 31. Nxe3 Rxe3 32. Rf1 Qe6 33. Rf2 g4 34. Rb1 Rd7 35. Qc2 Kg7 36. Rb3 Kf6 37. Rxe3 Qxe3 38. Qb2 Qc3 39. Qb8 Qxc5 40. Qc8 Qd5 41. Rf1 Qe6 0-1

[Event "Elekes Memorial"]
[Site "Budapest HUN"]
[Date "1989.??.??"]
[Round "?"]
[White "Zysk, Robert"]
[Black "Vasiukov, Evgeni A"]
[Result "0-1"]
[WhiteElo "2455"]
[BlackElo "2510"]
[PlyCount "86"]
[EventDate "1989.06.??"]
[Source "www.chesslib.no"]
[SourceDate "2004.05.04"]

1. d4 f5 2. c4 Nf6 3. g3 g6 4. Bg2 Bg7 5. Nc3 d6 6. d5 Na6 7. Nh3 Nc5 8. Be3 O-O 9. Nf4 Ng4 10. Bd4 Ne5 11. O-O a5 12. b3 Bd7 13. Rc1 Bh6 14. e3 Qe8 15. Qe2 b6 16. h3 Rc8 17. Bxc5 bxc5 18. Ne6 Bxe6 19. dxe6 g5 20. f4 gxf4 21. exf4 Nc6 22. Bxc6 Qxc6 23. Qh5 Bg7 24. Nd5 Kh8 25. Rce1 Rce8 26. Kh2 Bd4 27. g4 Qb7 28. gxf5 c6 29. Ne3 a4 30. Ng4 axb3 31. axb3 Qxb3 32. Nh6 Qxc4 33. Re2 Ra8 34. Rg2 Ra2 35. Nf7+ Rxf7 36. Qxf7 Ra8 37. Rfg1 Bxg1+ 38. Rxg1 Qxf4+ 39. Kh1 Qf3+ 40. Rg2 Ra1+ 41. Kh2 Qf4+ 42. Rg3 Ra2+ 43. Kh1 Qf1+ 0-1

[Event "FSGM December"]
[Site "Budapest"]
[Date "2003.12.06"]
[Round "1"]
[White "Grigore, George"]
[Black "Antal, Gergely"]
[Result "1/2-1/2"]
[WhiteElo "2485"]
[BlackElo "2473"]
[PlyCount "89"]
[EventDate "2003.12.06"]
[Source "Roberto Alvarez"]
[SourceDate "2003.12.22"]

1. d4 f5 2. c4 Nf6 3. g3 g6 4. Bg2 Bg7 5. Nh3 d6 6. Nc3 O-O 7. d5 Nbd7 8. O-O Ne5 9. b3 c5 10. Bd2 a6 11. a4 b6 12. Qc2 Rb8 13. Rae1 Ne8 14. f4 Nf7 15. e4 Nc7 16. Nf2 b5 17. Bh3 bxc4 18. bxc4 fxe4 19. Bxc8 Qxc8 20. Rxe4 Qd7 21. Rfe1 Rfe8 22. a5 e6 23. dxe6 Rxe6 24. Rxe6 Nxe6 25. Nd5 Nd4 26. Qd1 Re8 27. Rxe8+ Qxe8 28. Kf1 Nd8 29. Be3 N8c6 30. Qd3 Qe6 31. g4 Ne7 32. Nxe7+ Qxe7 33. Qe4 Qxe4 34. Nxe4 Nc6 35. Bd2 Bf8 36. Nf6+ Kg7 37. Nd5 Kf7 38. Ke2 Be7 39. Nxe7 Nxe7 40. Kd3 h5 41. h3 hxg4 42. hxg4 Ke6 43. Ke4 d5+ 44. cxd5+ Nxd5 45. f5+ 1/2-1/2

[Event "otb"]
[Site "otb"]
[Date "2007.03.16"]
[Round "10"]
[White "Grigore George Gabriel"]
[Black "Grunberg Mihai Lucian"]
[Result "1-0"]
[WhiteElo "2496"]
[BlackElo "2439"]
[PlyCount "90"]
[Source "www.chesslib.no"]
[SourceDate "2004.05.04"]

1. d4 f5 2. c4 Nf6 3. g3 g6 4. Bg2 Bg7 5. Nc3 O-O 6. Nh3 d6 7. d5 c6 8. O-O Qe8 9. dxc6 Nxc6 10. Rb1 h6 11. Nf4 g5 12. Nfd5 Nxd5 13. Nxd5 Qd8 14. e3 Bd7 15. Qd2 Ne5 16. b3 e6 17. Nb4 a5 18. Nd3 Bc6 19. Nxe5 dxe5 20. Bxc6 Qxd2 21. Bxd2 bxc6 22. Rfd1 e4 23. Be1 Be5 24. Kf1 c5 25. Ke2 Rf7 26. Rd2 f4 27. exf4 gxf4 28. Rbd1 Bd4 29. Rxd4 cxd4 30. Rxd4 a4 31. b4 fxg3 32. hxg3 Rf3 33. c5 Ra3 34. Rd2 Rc3 35. Kd1 Kf8 36. Rc2 Rd8+ 37. Bd2 Rxc2 38. Kxc2 h5 39. b5 Ke8 40. Be3 Rb8 41. b6 Kd7 42. Bf4 Rb7 43. Kc3 Kc6 44. Kb4 a3 45. Bc7 e5 1-0

[Event "RUS-Cup01 Chigorin mem"]
[Site "?"]
[Date "1997.??.??"]
[Round "9"]
[White "Polovodin, Igor A"]
[Black "Rychagov, Andrei"]
[Result "1-0"]
[WhiteElo "2440"]
[BlackElo "2495"]
[PlyCount "79"]
[EventDate "1997.??.??"]
[Source "www.chesslib.no"]
[SourceDate "2004.05.04"]

1. d4 f5 2. c4 Nf6 3. g3 g6 4. Bg2 Bg7 5. Nc3 O-O 6. Nh3 Nc6 7. O-O Kh8 8. b3 d6 9. Bb2 Bd7 10. Qd2 a6 11. Nf4 Qe8 12. e4 Nxd4 13. exf5 Nxf5 14. Bxb7 Rb8 15. Bg2 c5 16. Ncd5 Nd4 17. Nxf6 Bxf6 18. Nd5 Bg7 19. f4 a5 20. Rae1 e6 21. Kh1 a4 22. Nc7 Qc8 23. Nb5 Bxb5 24. cxb5 axb3 25. a4 d5 26. Re3 Ra8 27. a5 Nxb5 28. Bxg7+ Kxg7 29. Rxb3 Nd4 30. Rb6 Rf7 31. Rfb1 Raa7 32. Qe3 Qc7 33. a6 h6 34. h4 Qe7 35. Kh2 h5 36. Bh3 Qf6 37. Bg2 Qf5 38. Qc3 Rxa6 39. Qxc5 Rxb6 40. Qxd4+ 1-0

[Event "XL CIS Master"]
[Site "Arvier ITA"]
[Date "2008.05.01"]
[Round "2"]
[White "Brunello, Sabino"]
[Black "Ortega, Lexy"]
[Result "1/2-1/2"]
[WhiteElo "2475"]
[BlackElo "2459"]
[PlyCount "82"]
[EventDate "2008.05.01"]
[Source "www.chesslib.no"]
[SourceDate "2004.05.04"]

1. d4 f5 2. c4 Nf6 3. g3 g6 4. Bg2 Bg7 5. Nh3 d6 6. d5 Na6 7. Nc3 O-O 8. Nf4 e5 9. dxe6 c6 10. O-O Nc5 11. Be3 Nxe6 12. Qd2 Ng4 13. Rad1 Nxe3 14. Qxe3 Re8 15. Na4 Nxf4 16. Qxf4 Qa5 17. b3 Be5 18. Qc1 Qc7 19. Rd3 Bg7 20. Qd2 Bf8 21. Re1 Be6 22. Nc3 Qg7 23. e4 fxe4 24. Nxe4 d5 25. cxd5 Bxd5 26. Rxd5 cxd5 27. Ng5 Rxe1+ 28. Qxe1 Qd7 29. Qe5 Bg7 30. Bxd5+ Kh8 31. Qe4 Re8 32. Ne6 a5 33. h4 Re7 34. a4 b6 35. Bc4 Qd1+ 36. Kg2 Qd7 37. Bd5 Qd6 38. Ng5 Qe5 39. Qc4 Qc7 40. Qd3 Qc3 41. Qa6 Qf6 1/2-1/2

[Event "Baku"]
[Site "Baku"]
[Date "1988.??.??"]
[Round "?"]
[White "Magerramov, Elmar"]
[Black "Palatnik, Semon"]
[Result "1/2-1/2"]
[WhiteElo "2430"]
[BlackElo "2500"]
[PlyCount "118"]
[EventDate "1988.10.??"]
[Source "ChessBase"]

1. d4 f5 2. c4 Nf6 3. g3 g6 4. Bg2 Bg7 5. Nc3 O-O 6. Nh3 d6 7. d5 c6 8. O-O e5 9. dxe6 Bxe6 10. Qd3 Nbd7 11. Qxd6 Bxc4 12. Qb4 Ba6 13. Ng5 c5 14. Qb3+ c4 15. Qd1 Qe8 16. Nd5 Rc8 17. Nf4 Nc5 18. Be3 Nfe4 19. Qd5+ Kh8 20. Nge6 Nxe6 21. Nxe6 Bxb2 22. Nxf8 Rd8 23. Qe6 Qxf8 24. Bxe4 Rd6 25. Qxd6 Qxd6 26. Rab1 Qa3 27. Rfd1 c3 28. Bd4+ Kg8 29. Bd5+ Kf8 30. Bb3 Bxe2 31. Bf6 Qxb3 32. axb3 c2 33. Rd8+ Kf7 34. Re1 Kxf6 35. Rc8 Bd1 36. Kf1 Ba3 37. Rc4 a5 38. f4 h5 39. h4 Kf7 40. Kf2 Kf6 41. Rc8 b5 42. Rc7 a4 43. bxa4 bxa4 44. Ke3 c1=Q+ 45. Rxc1 Bxc1+ 46. Kd3 a3 47. Rxd1 Bb2 48. Kc2 Ke6 49. Kb3 Ke7 50. Rd5 Ke6 51. Ra5 Kf6 52. Ra6+ Kf7 53. Kb4 Ke7 54. Kc5 Kf7 55. Kd5 Ke7 56. Ra7+ Kf6 57. Kd6 Bc1 58. Kd7 Kf7 59. Kd8+ Kf8 1/2-1/2

[Event "Vantaa (Finland)"]
[Site "?"]
[Date "2003.??.??"]
[Round "4"]
[White "Veingold Aleksandr"]
[Black "Yrjola Jouni"]
[Result "1/2-1/2"]
[WhiteElo "2473"]
[BlackElo "2414"]
[PlyCount "70"]
[EventDate "2003.??.??"]
[Source "www.chesslib.no"]
[SourceDate "2004.05.04"]

1. d4 f5 2. c4 Nf6 3. g3 g6 4. Nc3 Bg7 5. Bg2 O-O 6. Nh3 Nc6 7. d5 Ne5 8. b3 Nf7 9. Qc2 c6 10. O-O cxd5 11. cxd5 Nd6 12. Bb2 b5 13. Ba3 Qa5 14. Bc5 b4 15. Na4 Nfe4 16. Rac1 Ba6 17. Bxd6 exd6 18. Bxe4 fxe4 19. Qd2 Rf5 20. Rfd1 Bb7 21. Nf4 Bh6 22. Rc4 Bxf4 23. gxf4 Rxd5 24. Rd4 Rxd4 25. Qxd4 Qf5 26. Qxd6 Qg4+ 27. Kf1 Bc6 28. Nc5 e3 29. fxe3 Re8 30. Rd3 Qg2+ 31. Ke1 Qg1+ 32. Kd2 Rc8 33. Nxd7 Bxd7 34. Qd5+ Kf8 35. Qd6+ Kg8 1/2-1/2

[Event "FRA Ch"]
[Site "Toulouse FRA"]
[Date "1995.??.??"]
[Round "4"]
[White "Relange, Eloi"]
[Black "Santo Roman, Marc"]
[Result "1/2-1/2"]
[WhiteElo "2420"]
[BlackElo "2465"]
[PlyCount "81"]
[EventDate "1995.08.??"]
[Source "www.chesslib.no"]
[SourceDate "2004.05.04"]

1. d4 f5 2. c4 Nf6 3. g3 g6 4. Bg2 Bg7 5. Nc3 O-O 6. Nh3 d6 7. d5 Nbd7 8. O-O Ne5 9. Qb3 Nfd7 10. Be3 Nc5 11. Bxc5 dxc5 12. Nf4 Kh8 13. Rad1 Qd6 14. Ne6 Bxe6 15. dxe6 Qxe6 16. Qxb7 c6 17. b3 Nxc4 18. Na4 Nd6 19. Qa6 Qc8 20. Qxc8 Rfxc8 21. Nxc5 Rab8 22. Rc1 Nb5 23. e3 Nc3 24. Rc2 Nd5 25. Na6 Rb6 26. Bxd5 Rxa6 27. Rfc1 Be5 28. Bxc6 Bd6 29. Bd5 Rxc2 30. Rxc2 Kg7 31. Kf1 Ra5 32. Bc4 Kf6 33. h4 Bb4 34. Ke2 e5 35. a4 Rc5 36. Rc1 Rc6 37. Rd1 Rd6 38. Rxd6+ Bxd6 39. Ba6 e4 40. Kd2 Bb4+ 41. Ke2 1/2-1/2

[Event "RUS-Cup2"]
[Site "Moscow"]
[Date "1996.??.??"]
[Round "8"]
[White "Iskusnyh, Sergei"]
[Black "Dzhumaev, Marat"]
[Result "0-1"]
[WhiteElo "2460"]
[BlackElo "2365"]
[PlyCount "118"]
[EventDate "1996.11.28"]
[Source "www.chesslib.no"]
[SourceDate "2004.05.04"]

1. d4 f5 2. c4 Nf6 3. g3 g6 4. Bg2 Bg7 5. Nc3 O-O 6. Nh3 d6 7. d5 c6 8. Nf4 e5 9. dxe6 Qe7 10. O-O Bxe6 11. Nxe6 Qxe6 12. Bf4 Na6 13. Qxd6 Qxc4 14. Rfd1 Rfe8 15. Rac1 Qf7 16. Qa3 Re6 17. Bf3 Bf8 18. Qa4 Nc5 19. Qc2 Rae8 20. b4 Nce4 21. Qb3 a6 22. Be3 Rd6 23. Qxf7+ Kxf7 24. Rxd6 Bxd6 25. a3 Nxc3 26. Rxc3 Rd8 27. Bd4 Bxb4 28. Bxf6 Rd1+ 29. Kg2 Bxc3 30. Bxc3 Rc1 31. Ba5 Rc4 32. e3 b5 33. Bd1 Rc1 34. Bb3+ Ke8 35. g4 fxg4 36. e4 c5 37. Bd5 c4 38. Bd2 Rd1 39. Bb4 Rd3 40. Bb7 c3 41. Bxa6 c2 42. Bxb5+ Kf7 43. Bxd3 c1=Q 44. a4 Qd1 45. Bc4+ Kf6 46. Bb5 Qd4 47. Ba5 Qxe4+ 48. Kg1 h5 49. Bc3+ Ke6 50. a5 Qc2 51. Bh8 Qc5 52. Bf1 Qxa5 53. Bd4 h4 54. Be3 Qe1 55. Bf4 Kf5 56. Bc7 g5 57. Bd6 Qc1 58. Bb8 Qc5 59. Bd3+ Kf6 0-1

[Event "AUT Team Ch 9495"]
[Site "Austria"]
[Date "1995.??.??"]
[Round "?"]
[White "Brestian, Egon"]
[Black "Rolletschek, Heinrich"]
[Result "1/2-1/2"]
[WhiteElo "2440"]
[BlackElo "2370"]
[PlyCount "139"]
[EventDate "1994.??.??"]
[Source "www.chesslib.no"]
[SourceDate "2004.05.04"]

1. d4 f5 2. c4 Nf6 3. g3 g6 4. Bg2 Bg7 5. Nh3 O-O 6. Nc3 d6 7. d5 c6 8. Nf4 e5 9. dxe6 Qe7 10. h4 Bxe6 11. Nxe6 Qxe6 12. Bf4 Ne8 13. Qb3 Rf7 14. Rd1 Na6 15. Na4 Rd8 16. O-O Nf6 17. Rd3 Ne4 18. Be3 Rfd7 19. Rfd1 b6 20. a3 Nc7 21. Qc2 d5 22. Bf4 d4 23. b4 Be5 24. Bxe5 Qxe5 25. Nb2 Ne6 26. f4 Qc7 27. Rf1 Ng7 28. Nd1 Nh5 29. Kh2 Nhf6 30. Bf3 c5 31. b5 Rd6 32. Kg2 Qe7 33. Rh1 Re6 34. Re1 Kg7 35. a4 h5 36. Ra3 Ng4 37. a5 Nc3 38. Bxg4 Nxd1 39. Qxd1 hxg4 40. axb6 axb6 41. Qd2 Re8 42. Kf1 Qb7 43. Kg1 Re3 44. Rxe3 Rxe3 45. Kf2 Qa8 46. Qb2 Qa4 47. Rc1 Rb3 48. Qc2 Qb4 49. Qd1 Rb2 50. Qh1 Qb3 51. Qb7+ Kh6 52. Re1 Qe3+ 53. Kf1 d3 54. Qa8 dxe2+ 55. Kg2 Qe4+ 56. Qxe4 fxe4 57. Kf2 Rc2 58. Rxe2 Rxc4 59. Ke3 Rb4 60. Rd2 Rxb5 61. Rd6 Kg7 62. Kxe4 Rb3 63. f5 Rb4+ 64. Ke5 gxf5 65. Kxf5 b5 66. Rd7+ Kf8 67. h5 Rd4 68. Rb7 b4 69. h6 Kg8 70. Kg6 1/2-1/2

[Event "Lewkowitz Memorial C"]
[Site "Lewkowitz Memorial C"]
[Date "1994.??.??"]
[Round "?"]
[White "Nalepa, Barry K"]
[Black "Fraga Portilho, Gilberto"]
[Result "0-1"]
[WhiteElo "2365"]
[BlackElo "2445"]
[PlyCount "74"]
[EventDate "1994.??.??"]
[Source "www.chesslib.no"]
[SourceDate "2004.05.04"]

1. d4 f5 2. c4 Nf6 3. g3 g6 4. Bg2 Bg7 5. Nh3 O-O 6. Nc3 d6 7. d5 c6 8. O-O cxd5 9. cxd5 Na6 10. Nf4 Nc5 11. a4 Bd7 12. Ra3 Rc8 13. e3 a5 14. Re1 Nfe4 15. Nfe2 Qe8 16. f3 Nxc3 17. Nxc3 g5 18. e4 f4 19. g4 Be5 20. Bf1 h5 21. h3 Rf6 22. Nb5 Rh6 23. Na7 Ra8 24. Nb5 Qg6 25. Qc2 Rf8 26. Bg2 hxg4 27. hxg4 Qg7 28. Rd1 Kf7 29. b3 Rfh8 30. Qf2 Rh2 31. Kf1 Nxe4 32. fxe4 Bxg4 33. Rd3 Rh1+ 34. Bxh1 Rxh1+ 35. Qg1 Qh7 36. Kf2 Qh4+ 37. Qg3 Qxg3+ 0-1

[Event "Serpukhov-A"]
[Site "?"]
[Date "2003.??.??"]
[Round "10"]
[White "Evdokimov Alexander A"]
[Black "Kim Alexey"]
[Result "1-0"]
[WhiteElo "2391"]
[BlackElo "2413"]
[PlyCount "47"]
[EventDate "2003.??.??"]
[Source "www.chesslib.no"]
[SourceDate "2004.05.04"]

1. d4 f5 2. c4 Nf6 3. g3 g6 4. Bg2 Bg7 5. Nh3 O-O 6. O-O d6 7. d5 Nbd7 8. Nc3 Ne5 9. b3 a6 10. Qc2 Qe8 11. a4 Bd7 12. Bb2 h6 13. Rac1 Rb8 14. e3 c5 15. Nf4 g5 16. Ne6 Bxe6 17. dxe6 Qh5 18. f4 gxf4 19. Rxf4 Nh7 20. Nd5 Rbe8 21. Rcf1 Nf6 22. Rxf5 Qg6 23. Bxe5 dxe5 24. Be4 1-0

[Event "Mislata Open 3th"]
[Site "Mislata"]
[Date "1994.??.??"]
[Round "6"]
[White "Veingold, Aleksandr"]
[Black "Coret Frasquet, Jose"]
[Result "1-0"]
[WhiteElo "2465"]
[BlackElo "2315"]
[PlyCount "103"]
[EventDate "1994.08.??"]
[Source "www.chesslib.no"]
[SourceDate "2004.05.04"]

1. d4 f5 2. c4 Nf6 3. g3 g6 4. Nc3 Bg7 5. Bg2 O-O 6. Nh3 d6 7. d5 Na6 8. Be3 Nc5 9. Rc1 e5 10. dxe6 Nxe6 11. Rc2 Ng4 12. Bc1 Kh8 13. Nd5 c6 14. Nc3 f4 15. O-O fxg3 16. hxg3 Ne5 17. b3 Nd4 18. Rd2 Bxh3 19. Bxh3 Ndf3+ 20. exf3 Nxf3+ 21. Kg2 Nxd2 22. Qxd2 Qf6 23. Bb2 Rae8 24. Bg4 Qd4 25. Qxd4 Bxd4 26. Nd1 Bxb2 27. Nxb2 Re4 28. f4 Rd4 29. Rd1 Rxd1 30. Nxd1 Kg7 31. Nc3 Kf6 32. Kf3 Ke7 33. Ke3 Re8 34. Kd4 Rf8 35. Bh3 h6 36. Ke3 Re8 37. Kf3 Rd8 38. Bf1 d5 39. cxd5 cxd5 40. Bd3 Kf6 41. b4 g5 42. Bc2 gxf4 43. Kxf4 d4 44. Ne4+ Ke7 45. Bd3 Rd5 46. g4 b6 47. Ng3 Kf6 48. Nf5 Re5 49. Nxh6 Re1 50. g5+ Ke6 51. Bc4+ Kd7 52. g6 1-0

[Event "UKR Ch women"]
[Site "?"]
[Date "2003.11.08"]
[Round "5"]
[White "Alexandrova Olga"]
[Black "Muzychuk Anna"]
[Result "1/2-1/2"]
[WhiteElo "2448"]
[BlackElo "2325"]
[PlyCount "72"]
[EventDate "2003.??.??"]
[Source "www.chesslib.no"]
[SourceDate "2004.05.04"]

1. d4 f5 2. c4 Nf6 3. g3 g6 4. Nf3 Bg7 5. b4 O-O 6. Bb2 d6 7. Bg2 e5 8. dxe5 Nfd7 9. O-O Nc6 10. Qb3 Ndxe5 11. c5+ Kh8 12. Rd1 Qf6 13. Nd4 Nxd4 14. Bxd4 Be6 15. Qc2 f4 16. cxd6 cxd6 17. Nd2 Bg4 18. Ne4 Qe7 19. gxf4 Rxf4 20. Rac1 Bf5 21. f3 Bxe4 22. fxe4 Raf8 23. Qc7 Qg5 24. Qxd6 Rxe4 25. Bxe5 Rxe5 26. Qd3 Ref5 27. Rf1 Be5 28. Rxf5 Qxc1+ 29. Rf1 Rxf1+ 30. Bxf1 Qf4 31. Qd8+ Kg7 32. Qd7+ Kf6 33. Qd8+ Kg7 34. Qd7+ Kh6 35. Qh3+ Kg7 36. Qd7+ Kh6 1/2-1/2

[Event "Open, Lisbon POR"]
[Site "?"]
[Date "2001.??.??"]
[Round "6"]
[White "Fernandes, An"]
[Black "Moreno Tejera, E."]
[Result "0-1"]
[WhiteElo "2455"]
[BlackElo "2290"]
[PlyCount "75"]
[EventDate "2001.??.??"]
[Source "www.chesslib.no"]
[SourceDate "2004.05.04"]

1. d4 f5 2. c4 Nf6 3. g3 g6 4. Bg2 Bg7 5. Nh3 O-O 6. O-O d6 7. d5 c6 8. Nc3 cxd5 9. cxd5 Na6 10. Be3 Bd7 11. Bd4 Rc8 12. e3 b5 13. Qe2 Qa5 14. a3 Rc4 15. a4 Rxa4 16. Nxa4 bxa4 17. Rfc1 Nc5 18. Bxc5 dxc5 19. Ng5 Rb8 20. Qc4 Qb4 21. Qxc5 Qxc5 22. Rxc5 Rxb2 23. Rc7 a6 24. Ne6 a3 25. Bf3 a2 26. Kg2 Bxe6 27. dxe6 h5 28. Ra7 Ng4 29. Bxg4 Rc2 30. Bd1 Bxa1 31. Bxc2 Bb2 32. Rxa6 a1=Q 33. Rxa1 Bxa1 34. e4 fxe4 35. h3 e3 36. fxe3 Kg7 37. Kf3 Bc3 38. Ke4 0-1

[Event "It"]
[Site "Indjija"]
[Date "2004.04.13"]
[Round "3"]
[White "Indjic, Dusan"]
[Black "Grunberg, Mihai"]
[Result "1/2-1/2"]
[WhiteElo "2343"]
[BlackElo "2401"]
[PlyCount "34"]
[EventDate "2004.04.11"]
[Source "Roberto Alvarez"]
[SourceDate "2004.05.03"]

1. d4 f5 2. c4 Nf6 3. g3 g6 4. Bg2 Bg7 5. Nc3 O-O 6. Nh3 d6 7. d5 c6 8. Nf4 Qe8 9. h4 Ng4 10. Qc2 Na6 11. b3 Bd7 12. Bb2 Rc8 13. O-O Ne5 14. Qd2 Nc5 15. Nh3 a5 16. f4 Ng4 17. Nf2 Nf6 1/2-1/2

[Event "NOR Ch"]
[Site "?"]
[Date "2005.07.04"]
[Round "3"]
[White "Hammer Jon Ludvig"]
[Black "Nordahl Helge"]
[Result "1-0"]
[WhiteElo "2318"]
[BlackElo "2423"]
[PlyCount "75"]
[EventDate "2005.??.??"]
[Source "www.chesslib.no"]
[SourceDate "2004.05.04"]

1. d4 f5 2. c4 Nf6 3. g3 g6 4. Bg2 Bg7 5. Nh3 O-O 6. Nc3 d6 7. d5 Na6 8. O-O e5 9. dxe6 Nc5 10. Ng5 c6 11. Nf7 Qe7 12. Qxd6 Qxd6 13. Nxd6 Bxe6 14. Be3 Nfe4 15. Ncxe4 Nxe4 16. Nxe4 fxe4 17. Rac1 Bxb2 18. Rb1 Bf6 19. Rxb7 Bxc4 20. Bxe4 Bxa2 21. Bxc6 Rfc8 22. Bf3 Rc2 23. Rd1 a5 24. Rdd7 Rac8 25. Ra7 Bc3 26. Rdc7 Rxc7 27. Rxc7 Be6 28. Be4 Rxe2 29. Rxc3 Bh3 30. Bd5+ Kf8 31. Rc1 a4 32. Ra1 Bd7 33. Kg2 Ke7 34. Bf3 Rc2 35. Bd1 Bc6+ 36. Kf1 Bb5+ 37. Ke1 Rc4 38. Be2 1-0

[Event "Ankara zt"]
[Site "Ankara"]
[Date "1995.??.??"]
[Round "8"]
[White "Erdogan, Hakan"]
[Black "Tabatadze, Tamaz"]
[Result "0-1"]
[WhiteElo "2290"]
[BlackElo "2450"]
[PlyCount "50"]
[EventDate "1995.??.??"]
[Source "ChessBase"]

1. d4 f5 2. c4 Nf6 3. g3 g6 4. Bg2 Bg7 5. Nh3 d6 6. d5 c6 7. Nf4 e5 8. dxe6 Qe7 9. Nd5 cxd5 10. Qa4+ Kf8 11. cxd5 Na6 12. O-O b6 13. Nc3 Bb7 14. Bf4 Nc5 15. Qc2 Rc8 16. Rac1 Nce4 17. Nxe4 Rxc2 18. Bxd6 Rxc1 19. Rxc1 Nxd5 20. Bxe7+ Kxe7 21. Ng5 Bxb2 22. Rd1 Bf6 23. Nf7 Rc8 24. Nh6 Kxe6 25. e4 Bg7 0-1

[Event "SVK-chT 0102"]
[Site "SVK"]
[Date "2001.??.??"]
[Round "2"]
[White "Balogh, Tomas"]
[Black "Gazik, Igor"]
[Result "1/2-1/2"]
[WhiteElo "2380"]
[BlackElo "2350"]
[PlyCount "37"]
[EventDate "2001.10.??"]
[Source "ChessBase"]
[SourceDate "2002.01.21"]

1. d4 f5 2. c4 Nf6 3. g3 g6 4. Bg2 Bg7 5. Nc3 O-O 6. Nh3 d6 7. d5 Na6 8. Rb1 e5 9. dxe6 Nc5 10. Nf4 c6 11. O-O a5 12. b3 Nxe6 13. Nxe6 Bxe6 14. Qd3 d5 15. cxd5 Nxd5 16. Nxd5 Bxd5 17. Bxd5+ Qxd5 18. Qxd5+ cxd5 19. Bb2 1/2-1/2

[Event "CUB Ch sf"]
[Site "Villa Clara CUB"]
[Date "1995.??.??"]
[Round "5"]
[White "Ibanez, Dagoberto"]
[Black "Paneque, Pedro"]
[Result "1/2-1/2"]
[WhiteElo "2320"]
[BlackElo "2405"]
[PlyCount "104"]
[EventDate "1995.??.??"]
[Source "www.chesslib.no"]
[SourceDate "2004.05.04"]

1. d4 f5 2. c4 Nf6 3. g3 g6 4. Bg2 Bg7 5. Nh3 O-O 6. O-O Nc6 7. Nc3 d6 8. Nb5 e6 9. d5 Ne7 10. dxe6 a6 11. Nc3 Bxe6 12. Bxb7 Rb8 13. Bxa6 h6 14. Nf4 Bf7 15. Nfd5 g5 16. Be3 Nfxd5 17. Nxd5 Nxd5 18. cxd5 Bxb2 19. Bd4 Re8 20. Rb1 Bxd4 21. Qxd4 Ra8 22. Bc4 Ra5 23. Rb2 Re4 24. Qd2 Rc5 25. Bb3 Qe7 26. e3 Re5 27. Rc2 Rxc2 28. Qxc2 f4 29. exf4 gxf4 30. Qd2 Re4 31. Bc2 Re2 32. Qd3 Kf8 33. Qh7 Qf6 34. a4 h5 35. Bd3 Rd2 36. Be4 h4 37. a5 Ra2 38. a6 Rxa6 39. Rb1 Ra2 40. Qxh4 Qxh4 41. gxh4 Ra4 42. Bf3 Rc4 43. Kg2 Kg7 44. Re1 Kf6 45. h5 Rc5 46. Rd1 Kg5 47. Rd3 Bxh5 48. Bxh5 Kxh5 49. Kf3 Kg5 50. h4+ Kxh4 51. Kxf4 Kh5 52. Kf5 c6 1/2-1/2

[Event "Ch Serbia (qual)"]
[Site "Belgrade (Yugoslavia)"]
[Date "2007.01.24"]
[Round "2"]
[White "Rakic Marija (SCG)"]
[Black "Todorovic Goran M (SCG)"]
[Result "0-1"]
[WhiteElo "2241"]
[BlackElo "2475"]
[PlyCount "98"]
[EventDate "2007.??.??"]
[Source "www.chesslib.no"]
[SourceDate "2004.05.04"]

1. d4 f5 2. c4 Nf6 3. g3 g6 4. Bg2 Bg7 5. Nc3 O-O 6. Nf3 c6 7. O-O Ne4 8. Qd3 Nxc3 9. Qxc3 d6 10. b4 Nd7 11. Qb3 Nf6 12. Bb2 Ne4 13. d5 cxd5 14. cxd5 Qb6 15. Bxg7 Kxg7 16. Qb2+ Kg8 17. Qd4 Bd7 18. Rfc1 Rfc8 19. e3 Kf7 20. h4 Qxd4 21. Nxd4 Nc3 22. Kf1 Kf6 23. Ke1 Rc7 24. Ne2 Rac8 25. Nxc3 Rxc3 26. Kd2 Ra3 27. Rxc8 Bxc8 28. Kc2 a5 29. b5 f4 30. gxf4 Bf5+ 31. e4 Bd7 32. Kb2 Ra4 33. Re1 Bxb5 34. Bh3 Rb4+ 35. Kc3 Rc4+ 36. Kb2 Rd4 37. e5+ Kf7 38. Be6+ Kg7 39. exd6 exd6 40. Bc8 Rxf4 41. Bxb7 Rxf2+ 42. Kb3 Rf3+ 43. Kb2 a4 44. Re7+ Kh6 45. Re6 a3+ 46. Kc2 Rf2+ 47. Kc1 Rxa2 48. Rxd6 Rf2 49. Rd8 Rf1+ 0-1

[Event "CZE-chT 9798"]
[Site "CZE"]
[Date "1998.03.08"]
[Round "9"]
[White "Balogh, Tomas"]
[Black "Lys, Josef"]
[Result "0-1"]
[WhiteElo "2400"]
[BlackElo "2305"]
[PlyCount "120"]
[EventDate "1997.??.??"]
[Source "www.chesslib.no"]
[SourceDate "2004.05.04"]

1. d4 f5 2. c4 Nf6 3. g3 g6 4. Bg2 Bg7 5. Nc3 O-O 6. Nh3 d6 7. d5 Nbd7 8. Rb1 Nc5 9. Nf4 Re8 10. Qc2 e5 11. dxe6 Nxe6 12. Nxe6 Rxe6 13. b3 c6 14. O-O Bd7 15. Rd1 Be8 16. e3 Bf7 17. Bb2 Qe7 18. Ne2 Ne4 19. Nf4 Bxb2 20. Nxe6 Be5 21. Nd4 d5 22. cxd5 Bxd5 23. b4 Qf7 24. a3 a6 25. Rbc1 h5 26. h4 Re8 27. Rd3 Kg7 28. Ne2 b5 29. Nd4 Rc8 30. Nf3 Bf6 31. Nd2 Re8 32. Nxe4 fxe4 33. Rd2 g5 34. hxg5 Bxg5 35. Rd4 Qe6 36. Qe2 Qg6 37. Rc5 Re5 38. Kf1 Be7 39. Rc2 h4 40. g4 Rg5 41. Bh3 Qd6 42. Ke1 Bf6 43. Rdd2 Qh2 44. Qf1 Qe5 45. Rc1 Qe6 46. Qh1 Be5 47. Rdc2 Qf6 48. Bg2 Bb2 49. Rb1 Bc3+ 50. Kd1 Rxg4 51. Qh3 Be6 52. Qh1 Qg5 53. Rxc3 Rxg2 54. Rc5 Qg4+ 55. Kd2 Bd5 56. Kc3 h3 57. Qd1 Qxd1 58. Rxd1 h2 59. Kd4 Rxf2 60. Ke5 Kg6 0-1